Návrh riešenia neriadených skládok gudrónov : Diplomová práca

Gespeichert in:
Bibliographische Detailangaben
1. Verfasser: Bábelová, Erika, 1979- (Verfasst von)
Format: Manuskript Buch
Sprache:Slowakisch
Veröffentlicht: Trnava : STU v Bratislave MtF KEBI, 2002
Schlagworte:
Tags: Tag hinzufügen
Keine Tags, Fügen Sie das erste Tag hinzu!

MARC

LEADER 00000ntm a22000003a 4500
001 stu76867
005 20150617225646.4
008 020729s2002----xo------------------slo-d
040 |a STU  |b slo 
041 0 |a slo 
044 |a xo 
100 1 |a Bábelová, Erika,  |d 1979-  |4 aut  |u M390  |U MTF Materiálovotechnologická fakulta  |T MTF Katedra environmentálneho a bezpečnostného inžinierstva  |X 2836  |U M390  |Y 177  |7 A000002836 
245 1 |a Návrh riešenia neriadených skládok gudrónov :  |b Diplomová práca 
260 |a Trnava :  |b STU v Bratislave MtF KEBI,  |c 2002 
300 |a 69 s  |c abstr. + príl. 
650 7 |a neriadené skládky  |2 stusub 
650 7 |a gudrónové jamy  |2 stusub 
650 7 |a životné prostredie  |2 stusub 
700 1 |a Lacuška, Miroslav  |4 orm